| 000 | 00617nam a2200193 i 4500 | ||
|---|---|---|---|
| 001 | 134027 | ||
| 003 | ES-MaACL | ||
| 005 | 20230906194600.0 | ||
| 007 | t| | ||
| 008 | 070905s1973 sp ||||1| spa d | ||
| 100 | 1 |
_aWard, Barbara. _9116070 |
|
| 245 | 1 | 4 |
_a¿Una nueva creación? _b: reflexiones sobre el medio ambiente / _cBarbara Ward (Lady Jackson). |
| 260 |
_aMadrid : _bPropaganda Popular Católica, _c[1973] |
||
| 300 |
_a59 p. ; _c21 cm. |
||
| 490 | 1 |
_aLa justicia en el mundo ; _v4 |
|
| 830 | 0 |
_aLa justicia en el mundo ; _v4 _9219811 |
|
| 852 |
_aES-MaACL _jC-55493 _bR.88181 |
||
| 999 |
_c134027 _d134027 |
||